| 000 | 00828nam a22002177a 4500 | ||
|---|---|---|---|
| 999 |
_c18685 _d18685 |
||
| 003 | AR-CdUCM | ||
| 008 | 190515b ||||| |||| 00| 0 spa d | ||
| 040 |
_aMUNICIPALIDAD PROVINCIAL DEL CUSCO _cBIBLIOTECA MUNICIPAL DEL CUSCO |
||
| 041 | _heng | ||
| 082 |
_a330.951 / _bAD24 |
||
| 100 |
_aAdler, Solomon _939421 |
||
| 245 | _aLa economia china / | ||
| 260 |
_aBuenos Aires : _bFondo de cultura economica, _c1957. |
||
| 300 |
_a289 paginas ; _c23 cm. |
||
| 505 | _aContenido: Panorama general -- Progreso economico de 1949 a 1952 -- El sistema economico -- Industrialización y planeación -- El primer plan Quinquenal en la industria -- Agricultura primera parte... | ||
| 650 |
_aAgricultura _9320 |
||
| 650 |
_aEconomico _918840 |
||
| 700 |
_aFernandez, Ramon _939422 |
||
| 942 |
_2ddc _cLIBROS |
||
| 945 |
_apjha _d2019-05-15 |
||